000 00402nam a2200157Ia 4500
003 IQ-KOUCL
041 _aKurdish
082 _a891,8 cut-997 ل
100 _a20260118u\\\\\\\\\\\y0engy0103\\\\ba
100 _aلەیلان
245 0 _aگوڵ گە شتێک ١٩٨٤
250 _aچ1
260 _bجابخابەى حەمدى
_aسلیمانى - العراق
_c1984
300 _a70
942 _cBk
999 _c186941
_d186941